Statistics for Countries Whose Capital Begins With M

Click here to take the quiz!

General Stats

  • This quiz has been taken 48 times
  • The average score is 11 of 20

Answer Stats

Answer% Correct
Spain
88%
Mexico
78%
Uruguay
78%
Russia
68%
Monaco
68%
Nicaragua
68%
Mozambique
63%
Belarus
63%
Somalia
60%
Philippines
55%
Swaziland
50%
Liberia
50%
Maldives
50%
Oman
50%
Bahrain
48%
Lesotho
45%
Equatorial Guinea
45%
Comoros
43%
Marshall Islands
35%
Palau
5%

Score Distribution

Percentile by Number Answered

Percent of People with Each Score

Your Score History

You have not taken this quiz